000 00804nam a2200265Ia 4500
005 20250425162012.0
008 250425s9999 xx 000 0 und d
020 _a9681801768
041 _aspa
082 _a620.0042
100 _aKRICK, E V
245 0 _aINTRODUCCION A LA INGENIERIA Y AL DISEÑO EN LA INGENIERIA
250 _a1A ED.
260 _aEstados Unidos
_bLIMUSA
_c1999
260 _aS.L.
300 _a240
500 _aEN CIBGZ-FIMCP D-28232/233 C.2, 50357C.7 PARA ING. MECANICA Y ALIMENTOS.
500 _aTítulo Traducido: AN INTRODUCTION TO ENGINEERING & ENGINEERING DEISNG
650 _aDISEÑO EN INGENIERIA
650 _aINGENIERIA COMO PROFESION
650 _aOPTIMIZACION
700 _aFRANCISCO PANIAGUA BOCANEGRA
_etraductor
942 _c01
010 _a39597
999 _c220435
_d220435